Normal view
MARC view
Entry Topical Term
001 - CONTROL NUMBER
- control field: 15585
003 - CONTROL NUMBER IDENTIFIER
- control field: OSt
005 - DATE AND TIME OF LATEST TRANSACTION
- control field: 20191126092517.0
008 - FIXED-LENGTH DATA ELEMENTS
- fixed length control field: 191126|| aca||aabn | a|a d
040 ## - CATALOGING SOURCE
- Original cataloging agency: OSt
- Transcribing agency: OSt
150 ## - HEADING--TOPICAL TERM
- Topical term or geographic name entry element: Foreign study
- Form subdivision: Fiction.
670 ## - SOURCE DATA FOUND
- Source citation: Work cat.: (OSt): Perkins, Stephanie. 15583, Isla and the happily ever after /, 2015.